| 000 | 00478cam a2200181ua 4500 | ||
|---|---|---|---|
| 001 | 11369 | ||
| 008 | 190916n ii |||gr||||Z||||||eng | ||
| 020 | _a9788131102541 | ||
| 040 | _cMAIN | ||
| 041 | _aeng | ||
| 082 | _a810 | ||
| 100 |
_aStella Mary George, _eAuthor. |
||
| 245 |
_aStudies in american literature _cBy Stella Mary George |
||
| 260 |
_aNew Delhi: _bCommonwealth publishers, _c2012. |
||
| 300 | _a249p. | ||
| 653 | _aAmerican literature in English | ||
| 942 | _cBK | ||
| 999 |
_c10212 _d10212 |
||